Statistics for Largest Cities in Veneto

Click here to take the quiz!

General Stats

  • This quiz has been taken 34 times
  • The average score is 9 of 15

Answer Stats

PopulationCity% Correct
263,352Venice
96%
258,765Verona
96%
112,953Vicenza
93%
210,401Padova
89%
83,731Treviso
86%
35,870Belluno
82%
51,867Rovigo
68%
43,372Bassano del Grappa
50%
49,706Chioggia
50%
34,891Conegliano
46%
41,778San Dona di Piave
36%
39,355Schio
36%
33,234Castelfranco Veneto
32%
38,575Mira
29%
33,194Villafranca di Verona
25%

Score Distribution

Percentile by Number Answered

Percent of People with Each Score

Your Score History

You have not taken this quiz